| 000 -LEADER |
| fixed length control field |
00478cam a22001457a 4500 |
| 008 - FIXED-LENGTH DATA ELEMENTS--GENERAL INFORMATION |
| fixed length control field |
180718b1962 xxu||||| |||| 00| 0 eng d |
| 082 ## - DEWEY DECIMAL CLASSIFICATION NUMBER |
| Classification number |
I27x54 Si64 |
| 100 ## - MAIN ENTRY--PERSONAL NAME |
| Personal name |
Singh, S. N. |
| 245 ## - TITLE STATEMENT |
| Title |
Secretary of state for Indian and his council |
| Statement of responsibility, etc. |
by S. N. Singh |
| 260 ## - PUBLICATION, DISTRIBUTION, ETC. |
| Place of publication, distribution, etc. |
Delhi |
| Name of publisher, distributor, etc. |
Munshi Ram |
| Date of publication, distribution, etc. |
1962 |
| 300 ## - PHYSICAL DESCRIPTION |
| Extent |
185p |
| 650 ## - SUBJECT ADDED ENTRY--TOPICAL TERM |
| Topical term or geographic name entry element |
Indians of North America --Missions --United States |
| 650 ## - SUBJECT ADDED ENTRY--TOPICAL TERM |
| Topical term or geographic name entry element |
Indians of North America --Government relations |
| 650 ## - SUBJECT ADDED ENTRY--TOPICAL TERM |
| Topical term or geographic name entry element |
Indians of North America |